00410nam a2200169Ia 4500003000400000005001700004008004100021020001500062050002500077100001500102245003400117260003500151300003300186440000600219521000700225526000800232OSt20140426085429.0140130s9999 xx 000 0 und d a0516420119 aPZ 7b.M84698If 1992 aMoses, Amy cAmy MosesaIf I were an ant / bScholastic,c1992.aNew York : a30 p. :bcol. ill. ;c18 cm. v1 aG1 c150